Élő rovások
Elmentve itt :
| Szerző: | |
|---|---|
| Dokumentumtípus: | Cikk |
| Megjelent: |
1989
|
| Sorozat: | Tiszatáj
43 No. 4 |
| Kulcsszavak: | Magyar irodalom - vers |
| Online Access: | http://tiszataj.bibl.u-szeged.hu/13992 |
| LEADER | 00557nab a2200181 i 4500 | ||
|---|---|---|---|
| 001 | tisza13992 | ||
| 005 | 20200330145343.0 | ||
| 008 | 170412s1989 hu o 0|| hun d | ||
| 022 | |a 0133-1167 | ||
| 040 | |a SZTE Tiszatáj Archívum |b hun | ||
| 041 | |a hun | ||
| 100 | 2 | |a Balázs F. Attila | |
| 245 | 1 | 0 | |a Élő rovások |h [elektronikus dokumentum] / |c Balázs F. Attila |
| 260 | |c 1989 | ||
| 300 | |a 26 | ||
| 490 | 0 | |a Tiszatáj |v 43 No. 4 | |
| 695 | |a Magyar irodalom - vers | ||
| 856 | 4 | 0 | |u http://tiszataj.bibl.u-szeged.hu/13992/1/tiszataj_1989_004_026.pdf |z Dokumentum-elérés |